[Event "Sant Boi de Llobregat op 4th"]
[Site "Sant Boi de Llobregat"]
[Date "2023.12.08"]
[Round "9"]
[White "Nazari, Arad"]
[Black "Fanninger, Leon"]
[Result "1-0"]
[WhiteElo "2363"]
[BlackElo "2147"]
[PlyCount "55"]
[EventDate "2023.11.30"]
[EventType "swiss"]
[EventRounds "9"]
[EventCountry "ESP"]
[SourceTitle "CB50_2023"]
[SourceDate "2023.12.13"]
[SourceVersion "1"]
[SourceVersionDate "2023.12.13"]
[SourceQuality "1"]

1. e4 d6 2. d4 g6 3. Nc3 c6 4. Be3 Nf6 5. f3 b5 6. Qd2 Nbd7 7. g4 Bg7 8. g5 Nh5 9. Nge2 Nb6 10. Ng3 Nxg3 11. hxg3 Qc7 12. b3 Bd7 13. Rh4 a5 14. Qh2 b4 15. Ne2 c5 16. Rxh7 0-0-0 17. Rd1 cxd4 18. Nxd4 Be5 19. Rh6 d5 20. f4 Bg7 21. Rxh8 Rxh8 22. Qe2 Qc3+ 23. Rd2 Qa1+ 24. Kf2 Rh2+ 25. Bg2 Bh3 26. Qa6+ Kc7 27. Ne6+ fxe6 28. Bxb6+ 1-0

[Event "Allauch op 5th"]
[Site "Allauch"]
[Date "2023.08.29"]
[Round "3"]
[White "Tosser, Sacha"]
[Black "Fanninger, Leon"]
[Result "0-1"]
[WhiteElo "1388"]
[BlackElo "2173"]
[PlyCount "74"]
[EventDate "2023.08.28"]
[EventType "swiss"]
[EventRounds "9"]
[EventCountry "FRA"]
[SourceTitle "EXT 2024"]
[Source "ChessBase"]
[SourceDate "2023.10.10"]
[SourceVersion "1"]
[SourceVersionDate "2023.10.10"]
[SourceQuality "1"]

1. c4 g6 2. Nc3 Bg7 3. g3 d6 4. Bg2 e5 5. e4 Nc6 6. Nge2 f5 7. d3 Nf6 8. 0-0 0-0 9. f4 fxe4 10. dxe4 Bg4 11. h3 Bxe2 12. Nxe2 Qe7 13. f5 Nd7 14. Be3 Bf6 15. Qd2 Nd8 16. Bh6 Bg7 17. Bg5 Bf6 18. Bh6 Re8 19. Nc3 c6 20. Rad1 Nf7 21. fxg6 hxg6 22. h4 Nf8 23. Rf3 Nxh6 24. Qxh6 Bg7 25. Qd2 Red8 26. Rdf1 Ne6 27. Ne2 Rf8 28. Rxf8+ Rxf8 29. Rxf8+ Qxf8 30. Bh3 Nc5 31. Qe3 Bh6 32. Qa3 Nxe4 33. Qd3 Qf2+ 34. Kh1 Qxe2 35. Qxe2 Nxg3+ 36. Kg2 Nxe2 37. Bc8 b6 0-1

[Event "Barcelona Sants op-A 23rd"]
[Site "Barcelona"]
[Date "2022.08.20"]
[Round "2"]
[White "Fanninger, Leon"]
[Black "Neef, Maximilian"]
[Result "0-1"]
[WhiteElo "2167"]
[BlackElo "2492"]
[PlyCount "262"]
[EventDate "2022.08.19"]
[EventType "swiss"]
[EventRounds "10"]
[EventCountry "ESP"]
[SourceTitle "CBM 209 Extra"]
[Source "ChessBase"]
[SourceDate "2022.09.30"]
[SourceVersion "1"]
[SourceVersionDate "2022.09.30"]
[SourceQuality "1"]

1. Nf3 Nf6 2. c4 g6 3. b3 Bg7 4. Bb2 0-0 5. g3 c5 6. Bg2 d6 7. d4 cxd4 8. Nxd4 Qb6 9. 0-0 Nc6 10. e3 Bd7 11. Nc3 Rfc8 12. Qd2 Qa5 13. Qe2 Rab8 14. Rac1 a6 15. Rfe1 Nxd4 16. exd4 e6 17. a3 Qc7 18. Nd1 Qd8 19. b4 Bc6 20. Ne3 d5 21. c5 Qd7 22. f3 Ra8 23. Qd2 h5 24. Rb1 Kh7 25. Bf1 Bh6 26. Bc1 Ng8 27. Qb2 Bg7 28. Nd1 Ne7 29. Be3 Qe8 30. Nf2 Nf5 31. Nd3 Bb5 32. Bf2 Ne7 33. Nf4 Bxf1 34. Kxf1 Qb5+ 35. Qe2 Nc6 36. Red1 Bh6 37. Ng2 Rd8 38. Be3 Bg7 39. f4 Qa4 40. Qd3 Na7 41. Ne1 Rab8 42. Nf3 Kg8 43. Qb3 Qb5+ 44. Kf2 a5 45. bxa5 Qxa5 46. Ne5 Qa6 47. Qb6 Bxe5 48. fxe5 Qxb6 49. Rxb6 Rd7 50. Rdb1 Rc7 51. Bd2 Nc6 52. Ke3 Ra8 53. R6b3 Ra7 54. Kd3 Kf8 55. h3 Ke8 56. g4 hxg4 57. hxg4 Kd7 58. Rf1 Kc8 59. Rh1 Rd7 60. Rh8+ Kc7 61. Bc3 Ra4 62. Bb4 Rd8 63. Rh7 Rd7 64. Rh8 Re7 65. Rg8 Kd7 66. Bc3 Kc7 67. Bb4 Ra7 68. Kc3 Kd7 69. Rb1 Re8 70. Rg7 Ke7 71. Rf1 Rf8 72. Rf6 Ke8 73. Rf4 Ra8 74. Kb3 Ra6 75. Kc3 Ra7 76. Kb3 Ra8 77. Kc3 Rd8 78. Rh7 Rd7 79. Rh1 Rg8 80. Rf2 Kf8 81. Kd3 Rd8 82. Rh7 Rg7 83. Rh8+ Ke7 84. Rfh2 Rgg8 85. R8h7 Ke8 86. Rf2 Rd7 87. Rfh2 Rd8 88. Rf2 Rf8 89. Kc3 Rd7 90. Rfh2 f6 91. Rxd7 Kxd7 92. Rf2 f5 93. gxf5 gxf5 94. Kd3 Rh8 95. Rf3 Ra8 96. Kc3 Rg8 97. Kd3 Kc7 98. Rh3 Rg6 99. Bc3 Kb8 100. Rh8+ Ka7 101. Rh3 Ka6 102. a4 Ka7 103. Bd2 Rg4 104. Bc3 Rg6 105. Bd2 Rg8 106. Bc3 Kb8 107. Bd2 Kc8 108. Be1 Rg7 109. Bc3 Kd7 110. Be1 Ke8 111. Rh6 Kf7 112. Rf6+ Ke7 113. Rh6 Kd7 114. Rh3 Ne7 115. Bd2 Ke8 116. Rh8+ Kd7 117. Rh3 Ng6 118. Rh1 Kc8 119. a5 Ne7 120. Rh8+ Kd7 121. Rh3 Nc6 122. Bc3 Kc7 123. Bd2 Rg6 124. Rh7+ Kb8 125. Rh3 Ka7 126. Be1 Ka6 127. Rh2 Rg4 128. Bc3 Rg3+ 129. Kd2 Kb5 130. Rh1 Kc4 131. Rc1 Rd3+ 0-1

[Event "Figueres Mas op-A 23rd"]
[Site "Figueres"]
[Date "2022.08.13"]
[Round "3"]
[White "Fanninger, Leon"]
[Black "Rojas Keim, Luis Alberto"]
[Result "0-1"]
[WhiteElo "2167"]
[BlackElo "2375"]
[PlyCount "56"]
[EventDate "2022.08.11"]
[EventType "swiss"]
[EventRounds "9"]
[EventCountry "ESP"]
[SourceTitle "EXT 2023"]
[Source "ChessBase"]
[SourceDate "2022.10.05"]
[SourceVersion "1"]
[SourceVersionDate "2022.10.05"]
[SourceQuality "1"]

1. Nf3 Nf6 2. g3 b5 3. Bg2 Bb7 4. 0-0 e6 5. d3 d5 6. Nbd2 Be7 7. e4 dxe4 8. Ng5 Qc8 9. Ngxe4 Nbd7 10. b3 0-0 11. Bb2 Nxe4 12. dxe4 c5 13. c4 a6 14. f4 Qc7 15. Qg4 e5 16. Bh3 Rad8 17. Qe2 Bf6 18. Rac1 exf4 19. Bxf6 Nxf6 20. Rxf4 Rfe8 21. Kf2 Qd6 22. Rc2 b4 23. Bg2 Re7 24. h4 Rde8 25. Rc1 Qe5 26. Nf3 Qh5 27. e5 Ng4+ 28. Kg1 Nxe5 0-1

[Event "Llinars del Valles op"]
[Site "Llinars del Valles"]
[Date "2022.07.03"]
[Round "9"]
[White "Juncosa Padros, Ernest"]
[Black "Fanninger, Leon"]
[Result "0-1"]
[WhiteElo "1855"]
[BlackElo "2157"]
[PlyCount "108"]
[EventDate "2022.06.25"]
[EventType "swiss"]
[EventRounds "9"]
[EventCountry "ESP"]
[SourceTitle "CBM 209 Extra"]
[Source "ChessBase"]
[SourceDate "2022.09.30"]
[SourceVersion "1"]
[SourceVersionDate "2022.09.30"]
[SourceQuality "1"]

1. d4 d6 2. c4 e5 3. Nc3 exd4 4. Qxd4 Nc6 5. Qd2 Nf6 6. b3 g6 7. Bb2 Bg7 8. Nf3 0-0 9. g3 a5 10. Bg2 Nd7 11. Na4 Nde5 12. Nd4 Bd7 13. Nxc6 Bxc6 14. Bxc6 bxc6 15. 0-0-0 Nd7 16. Bxg7 Kxg7 17. e4 Qf6 18. Qd4 Qxd4 19. Rxd4 Rae8 20. f3 f5 21. exf5 Rxf5 22. f4 Rf6 23. Rhd1 Rfe6 24. Kc2 Nf6 25. Nc3 Ng4 26. R1d2 Ne3+ 27. Kd3 Nf1 28. Rf2 Re3+ 29. Kc2 Re1 30. Rd3 Ne3+ 31. Kd2 Nf1+ 32. Kc2 Kf6 33. h3 Ne3+ 34. Kd2 Nf5 35. Re2 R1xe2+ 36. Nxe2 h5 37. Nd4 Nxd4 38. Rxd4 Kf5 39. a3 Re4 40. Rd3 h4 41. Rf3 hxg3 42. Rxg3 Rxf4 43. Kd3 c5 44. Re3 Rh4 45. Ke2 Re4 46. Kf3 Rxe3+ 47. Kxe3 Kg5 48. Kf3 Kh4 49. Kf4 Kxh3 50. Kg5 Kg3 51. Kxg6 Kf4 52. Kf6 Ke4 53. Ke6 Kd4 54. Kd7 Kc3 0-1

[Event "Llinars del Valles op"]
[Site "Llinars del Valles"]
[Date "2022.07.02"]
[Round "8"]
[White "Fanninger, Leon"]
[Black "Parra Ordorica, Gorka"]
[Result "1/2-1/2"]
[WhiteElo "2157"]
[BlackElo "1770"]
[PlyCount "109"]
[EventDate "2022.06.25"]
[EventType "swiss"]
[EventRounds "9"]
[EventCountry "ESP"]
[SourceTitle "CBM 209 Extra"]
[Source "ChessBase"]
[SourceDate "2022.09.30"]
[SourceVersion "1"]
[SourceVersionDate "2022.09.30"]
[SourceQuality "1"]

1. Nf3 Nf6 2. g3 e6 3. Bg2 c5 4. 0-0 Nc6 5. d4 cxd4 6. Nxd4 a6 7. c4 Qc7 8. b3 d6 9. Bb2 Be7 10. Nc3 Bd7 11. Rc1 0-0 12. Qd2 Rac8 13. e4 Rfd8 14. h3 Qb8 15. a4 Be8 16. Rfd1 Nd7 17. Rb1 Nc5 18. Ba1 Bf6 19. Nce2 Nxd4 20. Nxd4 b5 21. axb5 axb5 22. g4 Bxd4 23. Bxd4 e5 24. Be3 bxc4 25. bxc4 Qc7 26. Bxc5 dxc5 27. Qe3 Rd4 28. Bf1 Rcd8 29. Be2 Bc6 30. f3 Rxd1+ 31. Rxd1 Rd4 32. Ra1 g6 33. Qa3 Qd6 34. Rb1 Kg7 35. Kf2 Rd2 36. Qe3 Ba4 37. Ke1 Ra2 38. Rc1 Qd4 39. Rc3 Ra1+ 40. Kf2 Bd1 41. Rd3 Qxe3+ 42. Kxe3 Bxe2 43. Kxe2 Rc1 44. Rd5 Rxc4 45. Rxe5 Kf6 46. Rd5 Ke6 47. Rd8 Kf6 48. Rh8 Kg7 49. Rc8 Rc3 50. h4 h6 51. g5 h5 52. f4 Rh3 53. Rxc5 Rxh4 54. Kf3 Rh3+ 55. Kf2 1/2-1/2

[Event "Llinars del Valles op"]
[Site "Llinars del Valles"]
[Date "2022.06.28"]
[Round "4"]
[White "Fanninger, Leon"]
[Black "Garcia Gallardo, Victor"]
[Result "1/2-1/2"]
[WhiteElo "2157"]
[BlackElo "1983"]
[PlyCount "47"]
[EventDate "2022.06.25"]
[EventType "swiss"]
[EventRounds "9"]
[EventCountry "ESP"]
[SourceTitle "CBM 209 Extra"]
[Source "ChessBase"]
[SourceDate "2022.09.30"]
[SourceVersion "1"]
[SourceVersionDate "2022.09.30"]
[SourceQuality "1"]

1. e4 e5 2. Nf3 Nc6 3. Bc4 Nf6 4. d3 d6 5. Ng5 d5 6. exd5 Na5 7. Nc3 Nxc4 8. dxc4 Be7 9. 0-0 0-0 10. Qd3 h6 11. Nf3 Bd6 12. c5 Bxc5 13. Nxe5 Re8 14. Nf3 c6 15. Qc4 Bb6 16. dxc6 Be6 17. Qh4 bxc6 18. Na4 Bd5 19. Nc3 Bxf3 20. gxf3 Nd5 21. Qxd8 Raxd8 22. Nxd5 Rxd5 23. Be3 Bxe3 24. fxe3 1/2-1/2

[Event "Roquetas de Mar op 33rd"]
[Site "Roquetas de Mar"]
[Date "2022.01.05"]
[Round "3"]
[White "Fanninger, Leon"]
[Black "Di Berardino, Diego Rafael"]
[Result "0-1"]
[WhiteElo "2280"]
[BlackElo "2480"]
[PlyCount "104"]
[EventDate "2022.01.04"]
[EventType "swiss"]
[EventRounds "9"]
[EventCountry "ESP"]
[SourceTitle "EXT 2023"]
[Source "ChessBase"]
[SourceDate "2022.10.05"]
[SourceVersion "1"]
[SourceVersionDate "2022.10.05"]
[SourceQuality "1"]

1. Nf3 c5 2. c4 Nf6 3. b3 d6 4. g3 g6 5. Bb2 e5 6. Bg2 Bg7 7. 0-0 0-0 8. Nc3 Nc6 9. Ne1 Be6 10. Nd5 Qd7 11. Nc2 Bh3 12. Nxf6+ Bxf6 13. Ne3 Bxg2 14. Kxg2 Ne7 15. Nd5 Nxd5 16. cxd5 Bg7 17. d3 f5 18. e4 f4 19. f3 h5 20. g4 Bf6 21. h3 Kg7 22. Rh1 Rh8 23. Bc3 a5 24. a4 b6 25. Be1 Rh6 26. Bf2 Rah8 27. Qe2 Bd8 28. Rh2 Bf6 29. Rhh1 Kg8 30. Rh2 Qe7 31. Rah1 Bh4 32. Bxh4 Qxh4 33. Qf2 hxg4 34. fxg4 Kg7 35. Qxh4 Rxh4 36. Rf1 Kf6 37. Rf3 b5 38. axb5 Rb8 39. Rh1 Rxb5 40. Ra1 Rh8 41. Ra3 Kg5 42. Rf2 Rhb8 43. Rb2 Kh4 44. Rb1 Kg5 45. Rb2 R8b6 46. Rd2 Rxb3 47. Rxa5 c4 48. dxc4 Rg3+ 49. Kh2 Rbb3 50. Rg2 Rxh3+ 51. Kg1 Rb1+ 52. Kf2 Rc3 0-1

[Event "Canovelles op"]
[Site "Canovelles"]
[Date "2021.12.30"]
[Round "5"]
[White "Uber Gracia, Hugo"]
[Black "Fanninger, Leon"]
[Result "0-1"]
[WhiteElo "1905"]
[BlackElo "2160"]
[PlyCount "112"]
[EventDate "2021.12.27"]
[EventType "swiss"]
[EventRounds "7"]
[EventCountry "ESP"]
[SourceTitle "CBM 206 Extra"]
[Source "ChessBase"]
[SourceDate "2022.03.31"]
[SourceVersion "1"]
[SourceVersionDate "2022.03.31"]
[SourceQuality "1"]

1. Nf3 g6 2. c4 Bg7 3. Nc3 d6 4. e4 Nf6 5. d4 0-0 6. Be2 e5 7. Be3 Ng4 8. Bg5 f6 9. Bc1 Nc6 10. 0-0 exd4 11. Nxd4 Nxd4 12. Qxd4 f5 13. Qd5+ Kh8 14. f3 c6 15. Qd3 Qb6+ 16. Kh1 Nf2+ 17. Rxf2 Qxf2 18. Be3 Qh4 19. Qxd6 Qf6 20. Qb4 Rd8 21. Bc5 Bf8 22. e5 Bxc5 23. Qxc5 Qf8 24. Qxf8+ Rxf8 25. f4 Be6 26. Kg1 Rad8 27. b3 Rd2 28. Rc1 h6 29. Kf2 g5 30. Ke3 Rfd8 31. g3 Rb2 32. h4 Rdd2 33. Re1 Kg7 34. hxg5 hxg5 35. Na4 Rxa2 36. Nc3 Rab2 37. Na4 Ra2 38. Nc3 Rab2 39. Na4 Rxe2+ 40. Rxe2 Rxb3+ 41. Kd4 b6 42. Ra2 Rxg3 43. Nc5 bxc5+ 44. Kxc5 gxf4 45. Rxa7+ Kf8 46. Ra8+ Ke7 47. Kxc6 Bxc4 48. Kc5 Be6 49. Ra7+ Bd7 50. Kd4 Re3 51. Ra5 Re4+ 52. Kd5 f3 53. Ra3 Be6+ 54. Kc5 Rxe5+ 55. Kd4 Re4+ 56. Kc5 Rf4 0-1

[Event "Canovelles op"]
[Site "Canovelles"]
[Date "2021.12.29"]
[Round "4"]
[White "Fanninger, Leon"]
[Black "Lobo Pereira, Arami"]
[Result "1/2-1/2"]
[WhiteElo "2160"]
[BlackElo "1786"]
[PlyCount "137"]
[EventDate "2021.12.27"]
[EventType "swiss"]
[EventRounds "7"]
[EventCountry "ESP"]
[SourceTitle "CBM 206 Extra"]
[Source "ChessBase"]
[SourceDate "2022.03.31"]
[SourceVersion "1"]
[SourceVersionDate "2022.03.31"]
[SourceQuality "1"]

1. d4 d5 2. Nf3 Nf6 3. g3 c5 4. Bg2 cxd4 5. 0-0 h6 6. b3 Nc6 7. Nxd4 e5 8. Nxc6 bxc6 9. c4 Bb7 10. Bb2 d4 11. Na3 Qb6 12. c5 Bxc5 13. Nc4 Qc7 14. b4 Bxb4 15. Qb3 Be7 16. Nxe5 Qxe5 17. Qxb7 0-0 18. e3 Rab8 19. Bxd4 Rxb7 20. Bxe5 Rb5 21. Bxf6 Bxf6 22. Rac1 c5 23. Bd5 Rc8 24. Rfd1 c4 25. Rxc4 Rxc4 26. Bxc4 Rb7 27. Bb3 Rc7 28. Kg2 Kf8 29. f4 Be7 30. Kf3 Bb4 31. Rd4 a5 32. e4 Ke7 33. Kg4 Rc5 34. Rd3 Rc3 35. Rd5 Rc5 36. Rd4 Rc7 37. e5 Rc5 38. Re4 Rc6 39. f5 Bc3 40. e6 fxe6 41. fxe6 Rd6 42. Kh3 Rc6 43. Rf4 Bf6 44. Re4 Rc7 45. Kg4 Rc5 46. Kf3 Rf5+ 47. Kg4 Rb5 48. Kf3 Rf5+ 49. Kg2 Rc5 50. g4 Rc3 51. Re2 Rc6 52. Rd2 Rc7 53. Re2 Rc3 54. h3 Rc6 55. Re4 Rc7 56. Rf4 Rc6 57. Ra4 Bc3 58. Re4 Bf6 59. Re2 Rc3 60. Rd2 Rc7 61. Rd3 Ra7 62. a4 Rb7 63. Kf3 Rc7 64. Ke4 Rb7 65. Kf5 Rc7 66. Kg6 Rb7 67. Kh5 Rc7 68. h4 Ke8 69. Kg6 1/2-1/2

[Event "AUT-chT2W 2021"]
[Site "Austria"]
[Date "2020.10.10"]
[Round "2.3"]
[White "Kuecher, Wolfgang"]
[Black "Fanninger, Leon"]
[Result "1-0"]
[WhiteElo "2117"]
[BlackElo "2148"]
[PlyCount "85"]
[EventDate "2020.10.09"]
[EventType "team-tourn"]
[EventRounds "11"]
[EventCountry "AUT"]
[SourceTitle "CBM 199 Extra"]
[Source "ChessBase"]
[SourceDate "2021.01.31"]
[SourceVersion "1"]
[SourceVersionDate "2021.01.31"]
[SourceQuality "1"]
[WhiteTeam "Ranshofen"]
[BlackTeam "Schwarzach"]
[WhiteTeamCountry "AUT"]
[BlackTeamCountry "AUT"]

1. d4 Nf6 2. g3 g6 3. Bg2 Bg7 4. e4 d6 5. Ne2 0-0 6. 0-0 e5 7. h3 Re8 8. Nbc3 c6 9. Be3 Nbd7 10. Qd2 b5 11. a3 Bb7 12. Rad1 a6 13. dxe5 dxe5 14. b4 Qc7 15. Nc1 Rad8 16. Nd3 Nb6 17. Qc1 Nc4 18. Bg5 Bc8 19. a4 Rd6 20. Nc5 Nd7 21. Rxd6 Nxd6 22. Nxd7 Bxd7 23. Rd1 Be6 24. Bf1 Bc4 25. Bd3 Qc8 26. Kh2 f6 27. Be3 Qe6 28. Bc5 Nf7 29. Bxc4 Qxc4 30. Qe3 Bf8 31. Rd7 Bxc5 32. Qxc5 Qe6 33. Rd3 Re7 34. a5 h5 35. Qb6 h4 36. Qxa6 Ng5 37. gxh4 Nf7 38. Qb6 Qc4 39. a6 Qxb4 40. a7 Re8 41. Qxc6 Qf8 42. Nd5 Rc8 43. Qxc8 1-0

[Event "Lignano Sabbiadoro op 5th"]
[Site "Lignano Sabbiadoro"]
[Date "2019.08.02"]
[Round "8"]
[White "Fanninger, Leon"]
[Black "Dionigi, Riccardo"]
[Result "1/2-1/2"]
[WhiteElo "2017"]
[BlackElo "2045"]
[PlyCount "131"]
[EventDate "2019.07.27"]
[EventType "swiss"]
[EventRounds "9"]
[EventCountry "ITA"]
[SourceTitle "CBM 191 Extra"]
[Source "ChessBase"]
[SourceDate "2019.09.30"]
[SourceVersion "1"]
[SourceVersionDate "2019.09.30"]
[SourceQuality "1"]

1. c4 e6 2. g3 d5 3. Bg2 Nf6 4. Nf3 Be7 5. 0-0 0-0 6. b3 d4 7. e3 c5 8. Bb2 Nc6 9. exd4 cxd4 10. Re1 Re8 11. Ne5 Nxe5 12. Rxe5 Bd6 13. Bxd4 Bxe5 14. Bxe5 Nd7 15. Bb2 e5 16. Nc3 Nf6 17. Nd5 Nxd5 18. Bxd5 Qc7 19. Qf3 Be6 20. Bxb7 Rad8 21. Bc3 f5 22. Qc6 Qb8 23. Qb5 Bd7 24. Bd5+ Kh8 25. Qc5 Rc8 26. Qe3 Qd6 27. Qxa7 Bc6 28. Bxc6 Qxc6 29. Qa5 e4 30. Qxf5 Rf8 31. Qe5 Rf7 32. Re1 Re8 33. Qd5 Qg6 34. a4 Rf5 35. Qd4 Rf7 36. a5 h5 37. h4 Rf3 38. Re3 Qf7 39. b4 Re7 40. Re2 Qg6 41. Kg2 Kh7 42. Qc5 Qg4 43. Re1 Ref7 44. Rf1 R7f5 45. Qa7 Rf7 46. Qb6 Rd3 47. Bd4 Rxd2 48. Be3 Re2 49. a6 Rf3 50. Qd6 Rfxe3 51. Qf4 Qxf4 52. gxf4 Ra3 53. b5 Rc2 54. Rb1 Rxc4 55. b6 Rc8 56. a7 Re8 57. Kf1 Kg6 58. Rb5 Ra2 59. b7 Rxa7 60. b8Q Rxb8 61. Rxb8 Rf7 62. Kg2 Rxf4 63. Kg3 Rg4+ 64. Kh3 Kf5 65. Rf8+ Ke5 66. f3 1/2-1/2

[Event "AUT-ch U16"]
[Site "St Veit"]
[Date "2018.03.25"]
[Round "2"]
[White "Postlmayer, Jakob"]
[Black "Fanninger, Leon"]
[Result "1-0"]
[WhiteElo "2082"]
[BlackElo "1936"]
[PlyCount "95"]
[EventDate "2018.03.25"]
[EventType "swiss"]
[EventRounds "7"]
[EventCountry "AUT"]
[SourceTitle "EXT 2019"]
[Source "ChessBase"]
[SourceDate "2018.10.10"]
[SourceVersion "1"]
[SourceVersionDate "2018.10.10"]
[SourceQuality "1"]

1. e4 c5 2. Nc3 e6 3. g3 Nc6 4. Bg2 Nf6 5. d3 Be7 6. Nge2 0-0 7. 0-0 d5 8. h3 d4 9. Nb1 Ne8 10. Nd2 Nc7 11. f4 f5 12. g4 Qe8 13. Ng3 Bd7 14. Nf3 Rc8 15. Qe2 g6 16. Bd2 b5 17. Ne5 Bd6 18. Nxd7 Qxd7 19. e5 Be7 20. g5 Kf7 21. h4 Nd5 22. Rae1 Kg7 23. h5 Ncb4 24. Bxd5 Qxd5 25. a3 Nxc2 26. Rc1 Ne3 27. Bxe3 dxe3 28. Qxe3 Rfd8 29. Rfd1 Qb3 30. Qd2 b4 31. axb4 cxb4 32. Rxc8 Rxc8 33. Rc1 Rxc1+ 34. Qxc1 Qxd3 35. h6+ Kf7 36. Kh2 b3 37. Kh3 Qc2 38. Qa1 a5 39. Qxa5 Qxb2 40. Qa8 Qa2 41. Qh8 b2 42. Qxh7+ Ke8 43. Qxg6+ Kd7 44. h7 b1Q 45. h8Q Qa3 46. Qge8+ Kc7 47. Qc8+ Kb6 48. Qb8+ 1-0

[Event "Neumarkt am Wallersee op 15th"]
[Site "Neumarkt am Wallersee"]
[Date "2016.08.25"]
[Round "6"]
[White "Fanninger, Leon"]
[Black "Eiter, Meinhart"]
[Result "1/2-1/2"]
[WhiteElo "1656"]
[BlackElo "1963"]
[PlyCount "70"]
[EventDate "2016.08.20"]
[EventType "swiss"]
[EventRounds "9"]
[EventCountry "AUT"]
[SourceTitle "CBM 174 Extra"]
[Source "ChessBase"]
[SourceDate "2016.10.10"]
[SourceVersion "1"]
[SourceVersionDate "2016.10.10"]
[SourceQuality "1"]

1. d4 Nf6 2. Nf3 g6 3. Bf4 Bg7 4. e3 b6 5. h3 Bb7 6. Bd3 d6 7. 0-0 Nbd7 8. Bh2 c5 9. c3 Rc8 10. Nbd2 0-0 11. Qe2 Ne8 12. a4 e5 13. dxe5 dxe5 14. Bc2 Qe7 15. Rfd1 Nd6 16. Nc4 Bxf3 17. gxf3 Nxc4 18. Qxc4 Nf6 19. a5 b5 20. Qe2 c4 21. b4 cxb3 22. Bxb3 a6 23. Qb2 e4 24. Bd6 Qd7 25. Kh2 Rfe8 26. f4 Qf5 27. Qa2 Re6 28. Bxe6 fxe6 29. Be5 Nd5 30. Rxd5 exd5 31. Qxd5+ Kh8 32. Bxg7+ Kxg7 33. Qd4+ Kh6 34. Rf1 Rc4 35. Qd8 Rxc3 1/2-1/2

[Event "AUT-ch U14"]
[Site "St Veit"]
[Date "2016.05.15"]
[Round "3"]
[White "Fanninger, Leon"]
[Black "Graf, David"]
[Result "1-0"]
[WhiteElo "1641"]
[BlackElo "1417"]
[PlyCount "61"]
[EventDate "2016.05.14"]
[EventType "swiss"]
[EventRounds "7"]
[EventCountry "AUT"]
[SourceTitle "CBM 172 Extra"]
[Source "ChessBase"]
[SourceDate "2016.06.21"]
[SourceVersion "1"]
[SourceVersionDate "2016.06.21"]
[SourceQuality "1"]

1. b3 e5 2. Bb2 Nc6 3. e3 Nf6 4. Bb5 Bd6 5. Na3 Be7 6. Bxc6 bxc6 7. Nc4 d6 8. Ne2 Be6 9. Na5 Qd7 10. 0-0 0-0 11. d4 e4 12. Rc1 d5 13. c4 Ng4 14. cxd5 cxd5 15. Nc6 Bd6 16. Nf4 Bxf4 17. exf4 f5 18. Ba3 Rf6 19. h3 Nh6 20. Qc2 Qf7 21. Ne5 Qh5 22. Qxc7 Ng4 23. Qb7 Re8 24. Rc7 Qh6 25. hxg4 fxg4 26. Re7 Ref8 27. Rxe6 Rxe6 28. Bxf8 Rxe5 29. dxe5 Kxf8 30. Rc1 Qh1+ 31. Kxh1 1-0

[Event "AUT-ch U14"]
[Site "St Veit"]
[Date "2016.05.14"]
[Round "1"]
[White "Fanninger, Leon"]
[Black "Morgunov, Daniel"]
[Result "1/2-1/2"]
[WhiteElo "1641"]
[BlackElo "2085"]
[PlyCount "149"]
[EventDate "2016.05.14"]
[EventType "swiss"]
[EventRounds "7"]
[EventCountry "AUT"]
[SourceTitle "CBM 172 Extra"]
[Source "ChessBase"]
[SourceDate "2016.06.21"]
[SourceVersion "1"]
[SourceVersionDate "2016.06.21"]
[SourceQuality "1"]

1. b3 e5 2. Bb2 Nc6 3. e3 Nf6 4. Bb5 Bd6 5. Na3 a6 6. Bxc6 dxc6 7. Nc4 Qe7 8. d3 b5 9. Nd2 0-0 10. e4 Re8 11. Ngf3 Nh5 12. g3 c5 13. h3 g6 14. Bc1 f6 15. Rb1 Be6 16. c4 Red8 17. Qc2 Qd7 18. h4 Bf8 19. Ke2 Bg4 20. Rd1 Ng7 21. Nf1 Ne6 22. Bb2 Bh6 23. Ne3 Bxe3 24. fxe3 Rab8 25. Kf2 Rb6 26. Rd2 Rd6 27. Bxe5 fxe5 28. Nxe5 Rf8+ 29. Kg1 Qc8 30. Nxg4 Nd4 31. Nh6+ Kg7 32. exd4 Kxh6 33. Rf2 Rxd4 34. Qd2+ Kg7 35. Rxf8 Qxf8 36. Rd1 Qf3 37. Kh2 b4 38. Kh3 h6 39. Kh2 Kh7 40. Kh3 Rd7 41. Kh2 a5 42. Kh3 c6 43. Kh2 h5 44. Kh3 Rf7 45. Re1 Qg4+ 46. Kh2 Rf3 47. Rg1 Qd7 48. Rd1 Qd6 49. Qg5 Rf2+ 50. Kh1 Qd7 51. Kg1 Qd4 52. Kh1 Qb2 53. Qe7+ Kh6 54. Qg5+ Kg7 55. Qe7+ Rf7 56. Qxc5 Qe2 57. Qe5+ Kh7 58. Rg1 Qxd3 59. Qe6 Qf3+ 60. Kh2 c5 61. e5 Kg7 62. Qd6 Qe4 63. Rg2 Rf5 64. e6 Re5 65. Rf2 Rf5 66. Rxf5 Qxf5 67. Qd7+ Kg8 68. Qd5 Qf2+ 69. Qg2 Qe3 70. Qd5 Qe2+ 71. Kh1 Qe1+ 72. Kh2 Qe2+ 73. Kh1 Qf1+ 74. Kh2 Qe2+ 75. Kh1 1/2-1/2

[Event "AUT-ch U12"]
[Site "Woerth"]
[Date "2015.05.23"]
[Round "2.10"]
[White "Fanninger, Leon"]
[Black "Koglbauer, Til"]
[Result "1-0"]
[WhiteElo "1400"]
[BlackElo "1203"]
[PlyCount "85"]
[EventDate "2015.05.23"]
[EventType "swiss"]
[EventRounds "7"]
[EventCountry "AUT"]
[SourceTitle "EXT 2024"]
[Source "ChessBase"]
[SourceDate "2023.10.10"]
[SourceVersion "1"]
[SourceVersionDate "2023.10.10"]
[SourceQuality "1"]

1. d4 Nf6 2. Bf4 d5 3. e3 a6 4. Nf3 Bg4 5. Nbd2 Nc6 6. h3 Bh5 7. Be2 e6 8. 0-0 Bd6 9. Ne5 Bxe2 10. Qxe2 Nxe5 11. dxe5 Bb4 12. exf6 Qxf6 13. c3 g5 14. Bxc7 Rc8 15. cxb4 Rxc7 16. Rac1 Rxc1 17. Rxc1 Qd8 18. Nf3 0-0 19. e4 d4 20. Qd2 d3 21. Rc3 Kh8 22. Rxd3 Qf6 23. Nxg5 Rg8 24. f4 e5 25. Rf3 exf4 26. Qd5 Rxg5 27. Qd2 Qb6+ 28. Kh2 Rg8 29. Rxf4 Rd8 30. Qc3+ Kg8 31. Rg4+ Kf8 32. Qg7+ Ke7 33. Rf4 Qc6 34. Qxf7+ Kd6 35. Rf6+ Ke5 36. Rxc6 Rd2 37. Rc5+ Kd4 38. Qd5+ Ke3 39. Rc3+ Ke2 40. Qh5+ Kf2 41. Qf3+ Ke1 42. Rc1+ Rd1 43. Rxd1# 1-0

[Event "AUT-ch U10"]
[Site "Linz"]
[Date "2013.05.31"]
[Round "3"]
[White "Schennach, Nikolaus"]
[Black "Fanninger, Leon"]
[Result "0-1"]
[WhiteElo "1186"]
[BlackElo "1306"]
[PlyCount "54"]
[EventDate "2013.05.31"]
[EventType "swiss"]
[EventRounds "7"]
[EventCountry "AUT"]
[SourceTitle "EXT 2015"]
[Source "ChessBase"]
[SourceDate "2014.11.20"]
[SourceVersion "1"]
[SourceVersionDate "2014.11.20"]
[SourceQuality "1"]

1. e4 c5 2. Nc3 g6 3. Bc4 Bg7 4. Nf3 Nc6 5. d3 d6 6. Bg5 Nf6 7. 0-0 Bd7 8. Qd2 Bg4 9. Qf4 Qd7 10. h3 Bxf3 11. Qxf3 Ne5 12. Qf4 Nxc4 13. dxc4 h6 14. Bxf6 Bxf6 15. Rfe1 g5 16. Qe3 h5 17. Rad1 g4 18. hxg4 hxg4 19. Qg3 0-0-0 20. e5 Bg7 21. Re2 Rh6 22. e6 fxe6 23. Qxg4 Rdh8 24. f3 Bxc3 25. Rd3 Bd4+ 26. Rxd4 cxd4 27. Qxd4 Qc6 0-1